Understanding demand for home-ownership: aspirations, risks and rewards (Record no. 117554)

MARC details
000 -LEADER
fixed length control field 01153cam a2200289 4500
001 - CONTROL NUMBER
control field ABS67934
008 - FIXED-LENGTH DATA ELEMENTS--GENERAL INFORMATION
fixed length control field 040621n2004 000 0 eng u
035 ## - SYSTEM CONTROL NUMBER
System control number (Sirsi) u126534
100 ## - MAIN ENTRY--PERSONAL NAME
Personal name Smith, J.
245 ## - TITLE STATEMENT
Title Understanding demand for home-ownership: aspirations, risks and rewards
260 ## - PUBLICATION, DISTRIBUTION, ETC.
Date of publication, distribution, etc. 2004
490 ## - SERIES STATEMENT
Series statement CML Housing Finance
Volume/sequential designation (62) Summer 2004, 10-23(14)
520 ## - SUMMARY, ETC.
Summary, etc. Presents evidence from the 2003 "CML annual mortgage market survey" undertaken by MORI for the Council of Mortgage Lenders to explore what lies behind households' demand for home-ownership. Profiles borrower characteristics, looks at the home-ownership gap and examines the perceptions of the rewards and risks of home-ownership. Charts and tables cover supporting data from the survey and other sources. References.
590 ## - LOCAL NOTE (RLIN)
Local note ABS
590 ## - LOCAL NOTE (RLIN)
Local note ABS
650 ## - SUBJECT ADDED ENTRY--TOPICAL TERM
Topical term or geographic name entry element MORTGAGE PROTECTION
650 ## - SUBJECT ADDED ENTRY--TOPICAL TERM
Topical term or geographic name entry element INVESTMENT VALUE
650 ## - SUBJECT ADDED ENTRY--TOPICAL TERM
Topical term or geographic name entry element SECURITY
650 ## - SUBJECT ADDED ENTRY--TOPICAL TERM
Topical term or geographic name entry element HOUSEHOLDS
650 ## - SUBJECT ADDED ENTRY--TOPICAL TERM
Topical term or geographic name entry element MORTGAGES
650 ## - SUBJECT ADDED ENTRY--TOPICAL TERM
Topical term or geographic name entry element HOME OWNERSHIP
650 ## - SUBJECT ADDED ENTRY--TOPICAL TERM
Topical term or geographic name entry element MORTGAGE MARKET
650 ## - SUBJECT ADDED ENTRY--TOPICAL TERM
Topical term or geographic name entry element HOME-OWNERS
650 ## - SUBJECT ADDED ENTRY--TOPICAL TERM
Topical term or geographic name entry element GREAT BRITAIN
690 ## - LOCAL SUBJECT ADDED ENTRY--TOPICAL TERM (OCLC, RLIN)
Topical term or geographic name as entry element HOUSING-MARKET
942 ## - ADDED ENTRY ELEMENTS (KOHA)
Suppress in OPAC 0
Holdings
Withdrawn status Lost status Source of classification or shelving scheme Damaged status Not for loan Home library Current library Shelving location Date acquired Total Checkouts Full call number Barcode Date last seen Copy number Price effective from Koha item type
    Dewey Decimal Classification     London London Journal article 21/06/2004   ABS67934 126534-1001 06/08/2019 1 06/08/2019 Journal article